New Zealand Cities by Māori Name - Statistics

General Stats
  • This quiz has been taken 10 times
  • The average score is 8 of 13
Answer Stats
Māori English % Correct
Tāmaki Makaurau Auckland
100%
Ōtautahi Christchurch
88%
Pōneke Wellington
88%
Ōtepoti Dunedin
50%
Tūranganui-a-Kiwa Gisborne
50%
Māwhera Greymouth
50%
Kirikiriroa Hamilton
50%
Waihōpai Invercargill
50%
Ahuriri Napier
50%
Whakatū Nelson
50%
Ngāmotu New Plymouth
50%
Te Papaioea Palmerston North
50%
Tāhuna Queenstown
50%
No matching quizzes found
Score Distribution
Percent of People with Each Score
Percentile by Number Answered
Your Score History
You have not taken this quiz